Understanding a culture /

Bibliographic Details
Main Author: Lafontant, Julien J.
Format: Book
Language:English
Published: New York : P. Lang, [1988]
Series:American university studies. Regional studies ; vol. 4.
Subjects:

MARC

Tag First Indicator Second Indicator Subfields
LEADER 00000cam a2200000 a 4500
001 in00002052219
005 20151101064105.0
008 880323s1988 nyu b 001 0 eng
010 |a  88009205  
020 |a 0820408492 :  |c $39.50 
035 |a (OCoLC)ocm17776018 
040 |a DLC  |c DLC  |d MUQ  |d TXA  |d UtOrBLW 
043 |a n-us--- 
049 |a TXAM 
050 0 0 |a E185  |b .L34 1988 
082 0 0 |a 973/.0496073  |2 19 
100 1 |a Lafontant, Julien J. 
245 1 0 |a Understanding a culture /  |c Julien J. Lafontant. 
264 1 |a New York :  |b P. Lang,  |c [1988] 
264 4 |c ©1988 
300 |a 258 pages ;  |c 23 cm. 
336 |a text  |b txt  |2 rdacontent 
337 |a unmediated  |b n  |2 rdamedia 
338 |a volume  |b nc  |2 rdacarrier 
490 1 |a American university studies. Series XXI, Regional studies,  |x 0895-0482 ;  |v vol. 4 
504 |a Bibliography: pages [249]-254. 
500 |a Includes index. 
650 0 |a African Americans  |x History. 
650 0 |a Blacks  |x History. 
651 0 |a United States  |x Race relations. 
830 0 |a American university studies.  |n Series XXI,  |p Regional studies ;  |v vol. 4. 
994 |a C0  |b TXA 
948 |a cataloged  |b h  |c 2005/5/9  |d c  |e tmweaver  |f 4:59:14 pm 
999 |a MARS 
999 f f |s 620b0d21-e049-39be-956d-6998bf45765b  |i c8dcbe97-875a-30be-8124-389f7eddbcd3  |t 0 
952 f f |p noncirc  |a Texas A&M University  |b College Station  |c Cushing Memorial Library & Archives  |d Cushing: Area Studies/Africana (Does not check out)  |t 0  |e E185 .L34 1988  |h Library of Congress classification  |i unmediated -- volume 
998 f f |a E185 .L34 1988  |t 0  |l Cushing: Area Studies/Africana (Does not check out)